000 00744nam a2200289Ia 4500
005 20260324140439.0
008 008 260324s9999 xx 000 0 eng d
020 _a9780429446269
037 _aEBOOK
040 _aCRL
040 _beng
040 _cCRL
041 _2eng
041 _aeng
084 _qCRL
100 _aWolfgang Sachsenröder; Ulrike E. Frings
_91204424
245 0 _aPolitical Party Systems and Democratic Development in East and Southeast Asia
245 0 _bVolume II : East Asia
260 _bTaylor and Francis
260 _c1998
365 _a
365 _b180
856 _uhttp://www.taylorfrancis.com/books/9780429446269
942 _cEBOOK
999 _c1806527
_d1806527